Catálogo público

Reporte final de la estancia en Agroindustrias del Bravo S. A. de C. V., Nuevo Laredo, Tamaulipas / (Record no. 176494)

MARC details
000 -CABECERA
campo de control de longitud fija 01657nam a2200361Ia 4500
001 - NÚMERO DE CONTROL
campo de control dia_5553
003 - IDENTIFICADOR DEL NÚMERO DE CONTROL
campo de control CHAP
005 - FECHA Y HORA DE LA ÚLTIMA TRANSACCIÓN
campo de control 20250925123618.0
007 - CAMPO FIJO DE DESCRIPCIÓN FÍSICA--INFORMACIÓN GENERAL
campo de control de longitud fija ta
008 - DATOS DE LONGITUD FIJA--INFORMACIÓN GENERAL
campo de control de longitud fija 220117s1993 mx ade fr 001 0 spa d
040 ## - FUENTE DE LA CATALOGACIÓN
Centro/agencia transcriptor CHAP
Centro catalogador/agencia de origen mxchpua
090 ## - LOCALMENTE ASIGNADO TIPO-LC NÚMERO DE CLASIFICACIÓN (OCLC); NÚMERO DE CLASIFICACIÓN LOCAL (RLIN)
Número de clasificación (OCLC) (R) ; Numero de clasificación, CALL (RLIN) (NR) T.C.163
Número cutter local (OCLC) ; Número de libro/Signatura topográfica íntegra, CALL (RLIN) C45 ETIPA
Año 1993
245 10 - MENCIÓN DE TÍTULO
Título Reporte final de la estancia en Agroindustrias del Bravo S. A. de C. V., Nuevo Laredo, Tamaulipas /
Mención de responsabilidad, etc. coordinador Walter Chisholm Stadard ; colaboradores Adriana Contreras Oliva...[et al.]
260 ## - PUBLICACIÓN, DISTRIBUCIÓN, ETC.
Lugar de publicación, distribución, etc. México :
Nombre del editor, distribuidor, etc. El autor,
Fecha de publicación, distribución, etc. 1993
300 ## - DESCRIPCIÓN FÍSICA
Extensión cerca 120 hojas :
Otras características físicas ilustraciones, gráficas, diagramas, tablas, planos
336 ## - TIPO DE CONTENIDO
Fuente rdacontent
Término de tipo de contenido texto
Código de tipo de contenido txt
337 ## - TIPO DE MEDIO
Fuente rdamedia
Nombre/término del tipo de medio sin medio
Código del tipo de medio n
338 ## - TIPO DE SOPORTE
Fuente rdacarrier
Nombre/término del tipo de soporte volumen
Código del tipo de soporte nc
500 ## - NOTA GENERAL
Nota general 7° año
502 ## - NOTA DE TESIS
Nota de tesis Viaje de Estudios
Tipo de título (ETIPA) --
Nombre de la institución que otorga el título UACh. Departamento de Ingeniería Agroindustrial,
Año de obtención del título 1993
504 ## - NOTA DE BIBLIOGRAFÍA, ETC.
Nota de bibliografía, etc. Bibliografía: hoja 72
505 ## - NOTA DE CONTENIDO CON FORMATO
Nota de contenido con formato 5 planos -- <br/>1. Diagrama de flujo -- <br/>2. Vista en planta y ubicación de la planta (Esc. 1:125) -- <br/>3. Distribución de áreas (Esc. 1:250) -- <br/>4. Diagrama de recorrido original (Esc. 1:125) -- <br/>5. Diagrama de recorridos de las materias primas auxiliares (Esc. 1:125)
650 13 - PUNTO DE ACCESO ADICIONAL DE MATERIA--TÉRMINO DE MATERIA
Término de materia o nombre geográfico como elemento de entrada Alimentos y alimentación del ganado
Subdivisión general Industria
9 (RLIN) 158959
Subdivisión geográfica México
-- Tamaulipas
650 13 - PUNTO DE ACCESO ADICIONAL DE MATERIA--TÉRMINO DE MATERIA
Término de materia o nombre geográfico como elemento de entrada Livestock feeding
Subdivisión general Industry
9 (RLIN) 158960
Subdivisión geográfica Mexico
-- Tamaulipas
700 1# - PUNTO DE ACCESO ADICIONAL--NOMBRE DE PERSONA
Nombre de persona Chisholm Stadard, Walter
9 (RLIN) 22630
Término indicativo de función/relación coordinador
700 1# - PUNTO DE ACCESO ADICIONAL--NOMBRE DE PERSONA
Nombre de persona Contreras Oliva, Adriana
Término indicativo de función/relación colaboradora
9 (RLIN) 27524
942 ## - ELEMENTOS DE PUNTO DE ACCESO ADICIONAL (KOHA)
Fuente del sistema de clasificación o colocación Clasificación Universidad Autónoma de Chapingo
901 ## - ELEMENTOS DE DATOS A LOCAL LDA (RLIN)
a T.C.163 C45 ETIPA 1993
902 ## - ELEMENTOS DE DATOS B LOCAL, LDB (RLIN)
a M
905 ## - ELEMENTOS DE DATOS E LOCAL, LDE (RLIN)
a 5332271993 mx einm8223123322spa16
942 ## - ELEMENTOS DE PUNTO DE ACCESO ADICIONAL (KOHA)
Tipo de ítem Koha Viaje de Estudios
Holdings
Estado de retiro Estado de pérdida Fuente del sistema de clasificación o colocación Estado dañado Restricciones de uso No para préstamo Código de colección Localización permanente Ubicación/localización actual Fecha de adquisición Fuente de adquisición Total de préstamos Signatura topográfica completa Código de barras Fecha visto por última vez Número de copia Precio válido a partir de Tipo de ítem Koha
    Clasificación Universidad Autónoma de Chapingo   Préstamo interno   Viajes de Estudio Ingenieria Agroindustrial Ingenieria Agroindustrial 18/01/2022 El autor   T.C.163 C45 ETIPA 1993 1106008154 26/01/2026 Ej. 1 18/01/2022 Viaje de Estudios